Serie A players 2008/09 - Statistics

General Stats
  • This quiz has been taken 4 times
  • The average score is 301 of 549
Answer Stats
Rank Player Positions Nationality Matches Goals Assists Clubs % Correct
7 Abdelkader Ghezzal FW 36 5 1
100%
293 Adrian Mutu MF, FW 19 13 3
100%
26 Alberto Gilardino FW 35 19 2
100%
207 Aleksandar Kolarov DF 25 2 2
100%
94 Alessandro Del Piero MF, FW 31 13 9
100%
39 Alessandro Gamberini DF 34 0 0
100%
8 Alexandre Pato MF, FW 36 15 4
100%
351 Andrea Ardito MF 14 0 0
100%
57 Andrea Cossu MF 33 1 8
100%
193 Andrea Pirlo MF 26 1 2
100%
27 Antonio Cassano FW 35 12 9
100%
251 Antonio Di Natale FW 22 12 5
100%
58 Antonio Floro Flores FW 33 7 5
100%
432 César DF, MF 6 0 0
100%
266 Cristian Chivu DF 21 0 0
100%
375 Cristiano Zanetti MF 12 2 0
100%
100 Daniele Conti MF 31 5 2
100%
267 Dario Dainelli DF 21 1 0
100%
212 Davide Di Gennaro MF, FW 25 1 0
100%
211 David Pizarro MF 25 2 4
100%
154 David Rozehnal DF 28 0 0
100%
101 Dejan Stanković MF 31 5 6
100%
352 Dimitris Papadopoulos FW 14 1 1
100%
28 Domenico Criscito DF, MF 35 3 3
100%
29 Edinson Cavani MF, FW 35 14 4
100%
30 Esteban Cambiasso MF 35 4 3
100%
4 Fábio Simplício MF 37 8 7
100%
197 Filippo Inzaghi FW 26 13 2
100%
214 Francesco Cozza MF 25 4 4
100%
228 Francesco Totti MF, FW 24 13 4
100%
103 Gaby Mudingayi MF 31 0 0
100%
378 Gennaro Gattuso MF 12 0 2
100%
105 Giampaolo Pazzini FW 31 12 1
100%
156 Giandomenico Mesto DF, MF 28 0 3
100%
158 Giovanni Pasquale DF 28 3 2
100%
159 Iván Córdoba DF 28 2 1
100%
1 Javier Zanetti DF, MF 38 0 0
100%
172 Juan Manuel Vargas DF, MF 27 3 2
100%
18 Júlio César GK 36 0 0
100%
108 Kaká MF, FW 31 16 9
100%
142 Maicon Sisenando DF 29 4 4
100%
302 Manuel Pasqual DF, MF 19 1 2
100%
175 Marcelo Zalayeta FW 27 4 1
100%
2 Marco Di Vaio FW 38 24 2
100%
143 Marco Donadel MF 29 0 1
100%
176 Marco Marchionni MF 27 1 4
100%
112 Marek Jankulovski DF, MF 31 0 4
100%
162 Massimo Ambrosini MF 28 7 3
100%
246 Massimo Marazzina FW 23 2 1
100%
144 Mathieu Flamini MF 29 0 0
100%
19 Matías Silvestre DF 36 0 0
100%
35 Matteo Brighi MF 35 3 1
100%
180 Matteo Rubin DF, MF 27 0 1
100%
21 Mauro Zárate MF, FW 36 13 8
100%
36 Michele Fini MF 35 3 12
100%
276 Nicolás Burdisso DF 21 1 0
100%
277 Nicolas Frey DF 21 0 2
100%
307 Paolo Zanetti MF 19 1 0
100%
55 Riccardo Montolivo MF 34 4 6
100%
148 Ronaldinho MF, FW 29 8 5
100%
5 Rubinho GK 37 0 0
100%
6 Sébastien Frey GK 37 0 0
100%
3 Sergio Pellissier FW 38 13 3
100%
220 Sergio Volpi MF 25 4 4
100%
410 Simone Inzaghi FW 9 1 0
100%
411 Simone Loria DF 9 1 0
100%
221 Simone Perrotta MF 25 5 3
100%
25 Simone Vergassola MF 36 2 2
100%
383 Souleymane Diamoutene DF 12 0 0
100%
149 Stevan Jovetić MF, FW 29 2 0
100%
191 Tommaso Rocchi MF, FW 27 9 1
100%
168 Vincenzo Iaquinta FW 28 12 4
100%
384 Vincenzo Montella FW 12 0 1
100%
93 Zdravko Kuzmanović MF 32 2 2
100%
549 Zeljko Kalac GK 1 0 0
100%
233 Adaílton FW 23 1 3
75%
373 Adriano FW 12 3 3
75%
504 Adrian Stoian MF, FW 1 0 0
75%
150 Aimo Diana DF, MF 28 0 2
75%
76 Albano Bizzarri GK 32 0 0
75%
350 Alberto Aquilani MF 14 2 1
75%
281 Alberto Giuliatto DF 20 0 1
75%
468 Albin Ekdal MF 3 0 0
75%
169 Aleksandar Luković DF 27 0 0
75%
38 Alessandro Agostini DF 34 0 1
75%
95 Alessandro Matri FW 31 6 3
75%
506 Alessandro Nesta DF 1 0 0
75%
96 Alessandro Rosina MF 31 5 3
75%
321 Alessio Sestu MF 17 1 1
75%
77 Alexis Sánchez MF, FW 32 3 1
75%
332 Alex Manninger GK 16 0 0
75%
78 Amauri FW 32 12 3
75%
234 Andrea Campagnolo GK 23 0 0
75%
322 Andrea Consigli GK 17 0 0
75%
9 Andrea Costa DF, MF 36 1 0
75%
151 Andrea Esposito DF 28 1 0
75%
294 Andrea Gasbarroni MF, FW 19 0 2
75%
374 Andrea Rossi DF 12 0 0
75%
223 Andrea Zanchetta MF 24 1 2
75%
311 Andriy Shevchenko FW 18 0 1
75%
394 Ângelo DF, MF 10 0 0
75%
208 Angelo Palombo MF 25 2 3
75%
209 Anthony Vanden Borre DF, MF 25 0 0
75%
512 Antonino D'Agostino MF 1 0 0
75%
252 Antonio Langella MF, FW 22 2 2
75%
386 Artur Moraes GK 11 0 0
75%
361 Axel Cédric Konan FW 13 1 0
75%
117 Bernardo Corradi FW 30 10 1
75%
118 Blerim Džemaili MF 30 0 1
75%
194 Boško Janković MF 26 4 0
75%
80 Carlos Carmona MF 32 0 0
75%
470 César Cervo Luca DF 3 0 0
75%
195 Cesare Natali DF 26 2 0
75%
153 Christian Abbiati GK 28 0 0
75%
414 Christian Manfredini MF 8 0 0
75%
253 Christian Panucci DF 22 3 0
75%
236 Christian Poulsen MF 23 1 2
75%
254 Cicinho DF 22 1 0
75%
60 Clarence Seedorf MF 33 6 5
75%
297 Claudio Bellucci FW 19 5 0
75%
225 Claudio Marchisio MF 24 3 2
75%
433 Cristhian Stuani MF, FW 6 1 0
75%
98 Cristian Brocchi MF 31 0 1
75%
40 Cristian Ledesma MF 34 2 0
75%
136 Cristian Molinaro DF, MF 29 0 0
75%
120 Cristiano Del Grosso DF 30 0 2
75%
99 Cristiano Doni MF 31 9 5
75%
237 Cristian Silvestri DF 23 0 0
75%
313 Cristián Zapata DF 18 1 0
75%
362 Damiano Ferronetti DF, MF 13 0 0
75%
314 Daniele Bonera DF 18 0 0
75%
62 Daniele De Rossi DF, MF 33 3 5
75%
210 Daniele Dessena MF 25 2 0
75%
121 Daniele Franceschini MF 30 1 2
75%
41 Daniele Gastaldello DF 34 0 0
75%
226 Daniele Mannini MF 24 1 0
75%
434 Daniele Ragatzu MF, FW 6 1 0
75%
283 Dani Osvaldo FW 20 0 0
75%
315 David Beckham MF 18 2 5
75%
395 Davide Astori DF 10 0 0
75%
335 Davide Santon DF 16 0 1
75%
227 Davide Succi FW 24 6 1
75%
416 David Trezeguet FW 8 1 0
75%
396 Dida GK 10 0 0
75%
102 Diego Milito FW 31 24 5
75%
137 Doni GK 29 0 0
75%
82 Édgar Barreto MF 32 2 3
75%
397 Elvis Abbruscato FW 10 1 0
75%
376 Emerson MF 12 0 0
75%
257 Emiliano Bonazzoli FW 22 1 2
75%
324 Emílson Cribari DF 17 0 0
75%
268 Erjon Bogdani FW 21 1 1
75%
377 Eugenio Corini MF 12 0 0
75%
213 Ezequiel Carboni MF 25 0 2
75%
123 Ezequiel Lavezzi MF, FW 30 7 8
75%
66 Fabio Liverani MF 33 0 5
75%
13 Fabio Quagliarella FW 36 13 4
75%
124 Fabrizio Miccoli FW 30 14 8
75%
343 Fernando Muslera GK 15 0 0
75%
32 Francesco Antonioli GK 35 0 0
75%
42 Francesco Benussi GK 34 0 0
75%
354 Francesco Modesto DF, MF 14 0 0
75%
365 Francesco Montervino MF 13 1 0
75%
475 Francesco Toldo GK 3 0 0
75%
43 Francesco Valiani MF 34 2 5
75%
14 Gaetano D'Agostino MF 36 11 8
75%
344 Gennaro Iezzo GK 15 0 0
75%
270 Gennaro Sardo DF 21 0 0
75%
44 Germán Denis FW 34 8 3
75%
521 Giacomo Bonaventura MF, FW 1 0 0
75%
45 Giampiero Pinzi MF 34 1 1
75%
438 Gianluca Grava DF 6 0 0
75%
46 Gianluca Zambrotta DF 34 1 0
75%
240 Gianluigi Buffon GK 23 0 0
75%
216 Gianvito Plasmati FW 25 5 0
75%
106 Giulio Migliaccio DF, MF 31 3 0
75%
241 Giuseppe Favalli DF 23 0 1
75%
48 Giuseppe Mascara FW 34 12 2
75%
229 Gleison Santos DF 24 0 0
75%
15 Gökhan Inler MF 36 1 4
75%
107 Goran Pandev MF, FW 31 9 1
75%
125 Guillermo Giacomazzi MF 30 2 3
75%
34 György Garics DF, MF 35 1 0
75%
355 Hernán Crespo FW 14 2 2
75%
16 Houssine Kharja MF 36 5 1
75%
337 Hugo Campagnaro DF 16 1 0
75%
217 Ignazio Abate DF, MF 25 1 2
75%
405 Ivan Franceschini DF 9 2 0
75%
68 Ivan Jurić MF 33 0 8
75%
17 Jeda FW 36 11 3
75%
141 Jérémy Ménez MF, FW 29 4 3
75%
406 Jesús Dátolo MF 9 0 2
75%
126 John Arne Riise DF, MF 30 2 2
75%
127 Jorge Martínez MF, FW 30 5 0
75%
128 José Ignacio Castillo FW 30 7 4
75%
272 Juan DF 21 2 0
75%
242 Juan Pablo Carrizo GK 23 0 0
75%
173 Júlio Baptista MF, FW 27 9 1
75%
326 Julio Ricardo Cruz FW 17 2 2
75%
389 Kakha Kaladze DF, MF 11 0 0
75%
129 Leonardo Talamonti DF 30 1 0
75%
273 Lorenzo De Silvestri DF, MF 21 0 0
75%
109 Lorenzo Stovini DF 31 0 0
75%
390 Luca Antonini DF, MF 11 0 0
75%
174 Luca Castellazzi GK 27 0 0
75%
243 Luca Cigarini MF 23 3 2
75%
49 Luciano MF 34 2 2
75%
318 Luciano Zauri DF 18 1 0
75%
497 Luigi Sala DF 2 0 0
75%
130 Luis Diego López DF 30 1 0
75%
259 Luís Figo MF, FW 22 1 3
75%
260 Lukáš Jarolím MF 22 1 1
75%
287 Mancini MF, FW 20 0 2
75%
428 Manuel Belleri DF 7 0 0
75%
479 Manuel da Costa DF 3 0 0
75%
367 Marcello Castellini DF 13 0 0
75%
50 Marco Amelia GK 34 0 0
75%
368 Marco Bernacci FW 13 1 0
75%
51 Marco Biagianti MF 34 0 1
75%
288 Marco Cassetti DF, MF 20 0 1
75%
422 Marco Materazzi DF 8 0 0
75%
177 Marco Motta DF 27 0 2
75%
131 Marco Rossi MF 30 0 0
75%
528 Marco Storari GK 1 0 0
75%
86 Marek Hamšík MF 32 9 4
75%
178 Mariano Julio Izco MF 27 0 1
75%
261 Mario Balotelli FW 22 8 1
75%
289 Mario Santana MF 20 1 3
75%
87 Mario Yepes DF 32 0 2
75%
132 Marius Stankevičius DF, MF 30 3 2
75%
399 Martin Jørgensen MF 10 1 0
75%
529 Massimo Bonanni MF 1 0 0
75%
133 Massimo Maccarone FW 30 9 2
75%
391 Massimo Mutarelli MF 11 1 0
75%
113 Matteo Sereni GK 31 0 0
75%
20 Mattia Cassani DF 36 1 4
75%
88 Mauricio Isla DF, MF 32 0 1
75%
163 Maurizio Lanzaro DF 28 0 0
75%
304 Mauro Camoranesi MF 19 1 2
75%
181 Mauro Esposito MF, FW 27 0 0
75%
219 Maxwell DF 25 1 1
75%
262 Michele Canini DF 22 0 0
75%
145 Michele Pazienza MF 29 1 0
75%
182 Mirko Vučinić FW 27 11 3
75%
408 Modibo Diakité DF 9 1 0
75%
275 Mohamed Sissoko MF 21 2 1
75%
263 Mourad Meghni MF 22 0 1
75%
200 Nicola Amoruso FW 26 4 1
75%
201 Nicola Legrottaglie DF 26 1 0
75%
183 Nicola Mingazzini MF 27 2 1
75%
485 Nicolás Amodio MF 3 0 0
75%
305 Nicolás Navarro GK 19 0 0
75%
533 Olivier Dacourt MF 1 0 0
75%
202 Omar Milanetto MF 26 0 1
75%
278 Ousmane Dabo MF 21 1 1
75%
230 Pablo Ledesma MF 24 2 1
75%
203 Paolo Bianco DF 26 1 0
75%
134 Paolo Cannavaro DF 30 0 0
75%
306 Paolo De Ceglie DF 19 0 1
75%
135 Paolo Maldini DF 30 0 0
75%
535 Paolo Orlandoni GK 1 0 0
75%
54 Paolo Sammarco MF 34 1 0
75%
441 Papa Waigo MF, FW 6 0 0
75%
70 Pasquale Foggia MF, FW 33 3 5
75%
308 Patrick Vieira MF 19 1 1
75%
185 Paul Codrea DF, MF 27 0 2
75%
90 Pavel Nedvěd MF 32 7 6
75%
290 Per Krøldrup DF 20 0 0
75%
146 Philippe Mexès DF 29 2 1
75%
359 Philippe Senderos DF 14 0 0
75%
348 Piá MF, FW 15 4 2
75%
164 Raffaele Palladino MF, FW 28 3 5
75%
264 Reto Ziegler DF, MF 22 0 4
75%
371 Ricardo Quaresma MF, FW 13 0 2
75%
22 Robert Acquafresca FW 36 14 0
75%
147 Roberto Stellone FW 29 2 4
75%
165 Rodrigo Taddei DF, FW 28 1 1
75%
166 Rolando Bianchi FW 28 9 0
75%
232 Salvatore Aronica DF 24 0 1
75%
56 Samir Handanović GK 34 0 0
75%
309 Sebastian Giovinco MF, FW 19 2 4
75%
186 Sebastiano Siviglia DF 27 2 0
75%
71 Sergio Floccari FW 33 12 3
75%
188 Simone Barone MF 27 1 1
75%
249 Simone Bentivoglio MF 23 1 4
75%
72 Simone Pepe MF, FW 33 4 2
75%
24 Simone Tiribocchi FW 36 11 5
75%
187 Simon Kjær DF 27 3 0
75%
279 Sokratis Papastathopoulos DF 21 2 1
75%
92 Stefano Sorrentino GK 32 0 0
75%
310 Ștefan Radu DF 19 0 0
75%
73 Stephan Lichtsteiner DF, MF 33 1 2
75%
372 Stephen Makinwa FW 13 1 0
75%
189 Sulley Muntari MF 27 4 5
75%
250 Takayuki Morimoto MF, FW 23 7 2
75%
190 Thiago Motta MF 27 6 1
75%
74 Thomas Manfredini DF 33 1 0
75%
349 Tiago Mendes MF 15 0 0
75%
330 Walter Samuel DF 17 1 0
75%
115 Zdeněk Grygera DF 31 2 2
75%
37 Zlatan Ibrahimović FW 35 25 7
75%
431 Abel Hernández FW 6 0 1
50%
424 Alex Calderoni GK 7 0 0
50%
295 Angelo Ogbonna DF 19 0 1
50%
401 Antonio Mirante GK 9 0 0
50%
59 Antonio Nocerino MF 33 0 1
50%
119 Carlos Valdez DF 30 0 0
50%
152 Cesare Bovo DF 28 1 0
50%
235 Christian Maggio DF, MF 23 4 3
50%
312 Christian Obodo MF 18 0 1
50%
296 Christian Terlizzi DF 19 0 0
50%
282 Ciro Capuano DF 20 1 1
50%
298 Claudio Rivalta DF 19 0 0
50%
471 Cristiano Lupatelli GK 3 0 0
50%
415 Daniel Adejo DF 8 0 1
50%
11 Daniele Galloppa MF 36 1 4
50%
12 Daniele Portanova DF 36 1 1
50%
472 Dario Knežević DF 3 0 0
50%
284 Davide Baiocco MF 20 1 1
50%
256 Davide Bombardini MF 22 0 0
50%
238 Davide Mandelli DF 23 0 0
50%
426 Dušan Basta DF, MF 7 0 0
50%
364 Emil Hallfreðsson MF, FW 13 1 1
50%
64 Fabiano DF, MF 33 0 0
50%
170 Fabiano Santacroce DF 27 0 0
50%
65 Fabio Caserta MF 33 5 2
50%
445 Fabio Moro DF 5 0 0
50%
67 Federico Balzaretti DF 33 0 2
50%
138 Felipe Melo DF, MF 29 2 1
50%
447 Fernando Tissone MF 5 0 0
50%
196 Ferreira Pinto MF 26 3 3
50%
462 Filipe Gomes MF 4 0 0
50%
139 Francesco Pisano DF 29 0 0
50%
366 Francesco Pratali DF 13 0 0
50%
83 Franco Brienza MF, FW 32 5 5
50%
157 Gianluca Comotto DF 28 0 0
50%
84 Gianluca Curci GK 32 0 0
50%
47 Gianpaolo Bellini DF 34 0 1
50%
171 Giorgio Chiellini DF 27 4 0
50%
140 Giuseppe Biava DF 29 2 2
50%
33 Giuseppe Sculli MF, FW 35 8 2
50%
285 Gonçalo Brandão DF 20 0 0
50%
271 Guglielmo Stendardo DF 21 0 0
50%
427 Guido Marilungo FW 7 3 0
50%
388 Hasan Salihamidžić DF, MF 11 1 1
50%
448 Igor Budan FW 5 0 0
50%
160 Jaime Valdés MF, FW 28 3 1
50%
161 Juan Zúñiga DF, MF 28 0 1
50%
300 Jürgen Säumel MF 19 2 0
50%
286 Kwadwo Asamoah DF, MF 20 2 0
50%
450 Lorenzo Squizzi GK 5 0 0
50%
301 Luca Vigiani MF 19 0 0
50%
85 Manuele Blasi MF 32 0 0
50%
244 Marco Di Loreto DF 23 0 0
50%
381 Marco Malagò DF 12 0 0
50%
111 Marco Padalino DF, MF 31 1 4
50%
245 Marco Pisano DF 23 0 0
50%
346 Mariano Bogliacino MF 15 2 0
50%
179 Mario Frick FW 27 3 1
50%
198 Mark Bresciano MF 26 4 1
50%
329 Massimo Gobbi DF, MF 17 1 1
50%
52 Matteo Contini DF 34 0 0
50%
451 Matteo Gianello GK 5 0 0
50%
452 Mattia Mustacchio DF, FW 5 0 0
50%
218 Maurizio Domizzi DF 25 1 0
50%
357 Miguel Britos DF 14 1 0
50%
532 Nicola Belmonte DF 1 0 0
50%
184 Olof Mellberg DF, MF 27 2 0
50%
409 Pablo Álvarez DF 9 0 0
50%
455 Pablo Álvarez DF 5 0 0
50%
338 Paolo Dellafiore DF 16 2 0
50%
265 Salvatore Lanna DF 22 0 0
50%
501 Simone Zaza MF, FW 2 0 0
50%
544 Tabaré Viúdez MF, FW 1 0 0
50%
75 Tiberio Guarente MF 33 2 6
50%
205 Tiziano Polenghi DF 26 0 0
50%
457 Tommaso Vailatti MF 5 1 0
50%
114 Vangelis Moras DF 31 2 0
50%
413 Victor Obinna FW 9 1 0
50%
206 Walter Gargano MF 26 0 2
50%
443 Alberto Fontana GK 5 0 0
25%
331 Alessandro Potenza DF 16 1 0
25%
360 Alessio Cerci MF, FW 13 0 0
25%
509 Alessio Viola FW 1 0 0
25%
222 Andrea Coda DF 24 0 0
25%
116 Antonino Barillà DF, MF 30 1 0
25%
458 Antonio Rosati GK 4 0 0
25%
79 Bruno Cirillo DF 32 0 0
25%
444 Bruno Fornaroli FW 5 0 0
25%
224 Christian Amoroso MF 24 0 3
25%
333 Christian Puggioni GK 16 0 0
25%
402 Christian Vieri FW 9 2 0
25%
255 Daniele Cacia FW 22 2 1
25%
323 Daniele Capelli DF 17 1 0
25%
494 Dimitrios Eleftheropoulos GK 2 0 0
25%
363 Dyego Coelho DF 13 0 0
25%
460 Emanuele Belardi GK 4 0 0
25%
63 Emanuele Calaiò FW 33 5 0
25%
404 Emanuele D'Anna MF 9 0 0
25%
299 Fabio Ceravolo FW 19 2 0
25%
31 Federico Marchetti GK 35 0 0
25%
336 Felipe dal Belo DF 16 2 0
25%
517 Felipe Mattioni DF 1 0 0
25%
258 Ferdinando Coppola GK 22 0 0
25%
518 Francesco Bolzoni MF 1 0 0
25%
418 Francesco Parravicini MF 8 0 0
25%
387 Francesco Scardina DF 11 0 0
25%
269 Franco Semioli MF 21 0 3
25%
155 Gennaro Delvecchio MF 28 6 2
25%
104 Giacomo Tedesco MF 31 1 6
25%
325 Giovanni Tedesco MF 17 1 0
25%
379 Giuseppe Colucci MF 12 1 1
25%
317 Giuseppe Vives MF 18 1 0
25%
380 Joaquín Larrivey FW 12 1 0
25%
421 Jonathan Zebina DF 8 0 0
25%
463 Kerlon MF, FW 4 0 0
25%
327 Leandro Rinaudo DF 17 0 0
25%
407 Levan Mchedlidze MF, FW 9 1 0
25%
476 Libor Kozák FW 3 0 0
25%
477 Lorenzo Ariaudo DF 3 0 0
25%
525 Luca Bucci GK 1 0 0
25%
328 Luca Rossettini DF 17 0 0
25%
526 Luigi Sepe GK 1 0 0
25%
345 Manuel Coppola MF 15 0 0
25%
429 Marco Borriello FW 7 1 0
25%
530 Mathías Cardaccio MF 1 0 0
25%
69 Matteo Ferrari DF 33 0 0
25%
347 Max Tonetto DF, MF 15 0 0
25%
423 Michele Ferri DF 8 0 0
25%
53 Michele Marcolini MF 34 5 0
25%
199 Michele Paolucci MF, FW 26 7 2
25%
89 Mirko Pieri DF, MF 32 0 1
25%
392 Mirko Savini DF 11 0 0
25%
453 Nelson Rivas DF 5 0 0
25%
484 Nicolae Dică MF, FW 3 0 0
25%
454 Nicolas Viola MF, FW 5 0 0
25%
358 Nicola Ventola FW 14 2 0
25%
248 Riccardo Colombo DF 23 1 0
25%
486 Roberto Colombo GK 3 0 0
25%
291 Rubén Olivera MF 20 4 0
25%
540 Samir Ujkani GK 1 0 0
25%
393 Sergio Almirón MF 11 0 0
25%
442 Simone Del Nero DF, FW 6 0 0
25%
167 Stefano Lucchini DF 28 0 0
25%
204 Stefano Mauri MF, FW 26 1 3
25%
543 Stephan El Shaarawy DF, MF, FW 1 0 0
25%
456 Tomáš Košický GK 5 0 0
25%
280 Vincenzo Italiano MF 21 3 1
25%
400 Vitorino Antunes DF 10 0 0
25%
467 Ahmed Barusso MF 3 0 0
0%
488 Alain Nef DF 2 0 0
0%
505 Alessandro Crescenzi DF 1 0 0
0%
507 Alessandro Tuia DF 1 0 0
0%
508 Alessio Manzoni MF 1 0 0
0%
489 Alessio Scarpi GK 2 0 0
0%
510 Andrea Burato MF 1 0 0
0%
490 Andrea D'Amico MF 2 0 0
0%
10 Andrea Lazzari MF 36 2 3
0%
97 Andrea Mantovani DF 31 2 2
0%
192 Andrea Parola MF 26 1 0
0%
339 Andrea Raggi DF 15 0 0
0%
340 Andrea Russotto MF, FW 15 0 0
0%
511 Andrea Signorini DF 1 0 0
0%
385 Antimo Iunco MF, FW 11 0 0
0%
469 Antonio Zito DF, MF 3 0 0
0%
513 Ayub Daud MF, FW 1 0 0
0%
491 Bogdan Pătrașcu MF 2 0 0
0%
341 Carlos Matheu DF 15 0 0
0%
514 Ciro Immobile FW 1 0 0
0%
515 Claudio Pani MF 1 0 0
0%
81 Claudio Terzi DF 32 2 0
0%
459 Cosmin Moți DF 4 0 0
0%
334 Cristian Llama MF 16 0 1
0%
61 Cristian Zenoni DF 33 0 1
0%
342 Daniele Ficagna DF 15 1 0
0%
492 Daniele Magliocchetti DF 2 0 0
0%
122 Davide Biondini MF 30 2 1
0%
516 Davide Brivio DF 1 0 0
0%
473 Davide Carrus MF 3 0 0
0%
403 Davide Lanzafame MF, FW 9 0 1
0%
316 Davide Marchini MF 18 0 1
0%
493 Denis D'Onofrio FW 2 0 0
0%
239 Diego De Ascentis MF 23 0 0
0%
425 Diego Rodríguez Da Luz DF, MF 7 0 1
0%
435 Đorđe Rakić FW 6 0 0
0%
495 Douglas Packer MF 2 0 0
0%
353 Edinho Campos MF 14 0 0
0%
436 Emanuele Manitta GK 6 0 0
0%
474 Emmanuel Cascione MF 3 0 0
0%
461 Ettore Mendicino FW 4 0 0
0%
437 Fabio Sciacca MF 6 0 1
0%
446 Federico Casarini MF 5 0 0
0%
417 Federico Peluso DF 8 0 0
0%
496 Fernando Forestieri MF, FW 2 0 0
0%
519 Francesco Cosenza DF 1 0 0
0%
520 Gabriele Aldegani GK 1 0 0
0%
522 Gianmarco Ingrosso DF 1 0 0
0%
215 Gianni Munari MF 25 4 1
0%
419 Gionatha Spinesi FW 8 0 0
0%
523 Jan Koprivec GK 1 0 0
0%
420 Jonathan Bottinelli DF 8 0 0
0%
524 Josias Basso DF 1 0 0
0%
449 Lorenzo Del Prete DF 5 0 0
0%
110 Luca Ariatti DF, MF 31 0 1
0%
274 Luca Rigoni MF 21 1 0
0%
398 Luca Tognozzi MF 10 0 0
0%
478 Luigi Lavecchia DF, MF 3 0 0
0%
319 Luigi Vitale DF, FW 18 1 1
0%
439 Luis Jiménez MF, FW 6 0 1
0%
527 Marcel Román MF 1 0 0
0%
480 Marco D'Alessandro DF, MF, FW 3 0 0
0%
498 Marco Mancosu MF, FW 2 0 0
0%
303 Marino Defendi DF, MF 19 0 0
0%
382 Matej Krajčík DF 12 0 0
0%
481 Matteo Darmian DF, MF 3 0 0
0%
356 Matuzalém MF 14 0 0
0%
482 Maurizio Ciaramitaro MF 3 0 0
0%
369 Maximiliano Pellegrino DF 13 1 0
0%
531 Michael Girasole MF 1 0 0
0%
483 Michele Marconi FW 3 0 0
0%
499 Michel Morganella DF, MF 2 0 0
0%
464 Mirco Antenucci FW 4 0 0
0%
247 Moris Carrozzieri DF, FW 23 0 0
0%
465 Niki Zimling MF 4 0 0
0%
440 Odion Ighalo FW 6 1 1
0%
534 Paolo Acerbis GK 1 0 0
0%
231 Pietro Accardi DF 24 0 0
0%
536 Pietro Marino GK 1 0 0
0%
370 Raffaele Schiavi DF 13 0 0
0%
537 Riccardo Perpetuini DF, MF 1 0 0
0%
320 Roberto Guana MF 18 0 0
0%
430 Rocco Sabato DF 7 1 0
0%
538 Rodney Strasser MF 1 0 0
0%
91 Salvatore Bocchetti DF 32 0 0
0%
539 Salvatore Burrai MF 1 0 0
0%
292 Santiago Morero DF 20 1 0
0%
541 Sergiu Suciu MF 1 0 0
0%
542 Simone Confalone MF 1 0 0
0%
500 Simone Grippo DF, MF 2 0 0
0%
23 Simone Padoin DF, MF 36 3 3
0%
412 Stefano Okaka FW 9 0 1
0%
545 Valerio Anastasi FW 1 0 0
0%
546 Valerio Virga MF 1 0 0
0%
547 Vasco Regini DF 1 0 0
0%
466 Viktor Budyanskiy MF 4 0 0
0%
502 Vincenzo Camilleri DF 2 0 0
0%
503 Vincenzo Fiorillo GK 2 0 0
0%
487 Vito Falconieri FW 3 1 0
0%
548 Yonese Hanine MF 1 0 0
0%
No matching quizzes found
Score Distribution
Percent of People with Each Score
Percentile by Number Answered
Your Score History
You have not taken this quiz